[Event "Bodenmais Arber Seniors op 10th"]
[Site "Bodenmais"]
[Date "2023.08.13"]
[Round "9"]
[White "Pekrul, Juergen"]
[Black "Siegismund, Bernd"]
[Result "1/2-1/2"]
[WhiteElo "1891"]
[BlackElo "1764"]
[PlyCount "37"]
[EventDate "2023.08.05"]
[EventType "swiss"]
[EventRounds "9"]
[EventCountry "GER"]
[SourceTitle "EXT 2024"]
[Source "ChessBase"]
[SourceDate "2023.10.10"]
[SourceVersion "1"]
[SourceVersionDate "2023.10.10"]
[SourceQuality "1"]

1. d4 Nf6 2. g3 d5 3. Bg2 g6 4. Nf3 Bg7 5. 0-0 0-0 6. c4 c6 7. Nc3 Nbd7 8. cxd5 cxd5 9. b3 Re8 10. Bf4 a6 11. Rc1 Nb6 12. a4 Bf5 13. Nh4 Bg4 14. h3 Be6 15. Qd2 Nc8 16. Rfd1 Nd6 17. Nf3 Nfe4 18. Nxe4 dxe4 19. Ng5 1/2-1/2